Municipios de la comarca de la Selva (Catalunya) - Estadísticas

Estadísticas generales
  • Esta prueba ha sido intentada 110 veces
  • La puntuación promedio es 14 de 26
Estadísticas de respuestas
Hint Respuesta % Correcto
SCF Santa Coloma de Farners
85%
LM Lloret de Mar
77%
TM Tossa de Mar
76%
B Blanes
73%
SHS Sant Hilari Sacalm
73%
H Hostalric
71%
MS Maçanet de la Selva
71%
A Arbúcies
68%
A Anglès
65%
V Vidreres
61%
A Amer
59%
S Sils
57%
CM Caldes de Malavella
49%
VO Vilobí d'Onyar
49%
RS Riudellots de la Selva
48%
M Massanes
47%
R Riudarenes
47%
SFB Sant Feliu de Buixalleu
47%
B Breda
41%
FS Fogars de la Selva
40%
O Osor
37%
CT La Cellera de Ter
31%
S Susqueda
31%
B Brunyola
28%
SJLB Sant Julià del Llor i Bonmatí
27%
RV Riells i Viabrea
21%
No se encontraron pruebas coincidentes
Distribución de puntuación
Porcentaje de gente con cada puntuación
Porcentaje por número respondido
Historial de tus puntuaciones
No has intentado esta prueba.